Stephen Curry Quiz [HARD] - Statistics

General Stats
  • This quiz has been taken 7,196 times
  • The average score is 11 of 15
Answer Stats
Hint Answer % Correct
What Is His Last Name? Curry
98%
What Is His First Name? Wardell
98%
What Is His Dads Name? Wardell
98%
What Is His Middle Name? Stephen
95%
What Pick Did Steph Get Drafted? 7
90%
What Round Did Steph Get Drafted 1
89%
In What Year Did Steph Win The Championship 2015
89%
What Is His Brothers Name? Seth
89%
What Team Did Steph And the Warriors Beat in The Finals Clevland Cavaleirs
88%
What Was The warriors 2015-2016 record? 73-9
78%
What Is His Oldest Daughters Name? Riley
69%
What Is His Moms Name? Sonya
43%
What Is His Youngest Daughters Name? Ryan
40%
What Is His Sisters Name? Sydel
37%
What Teams Did His Father Play For? Charlette Bobcats Toronto Raptors
1%
No matching quizzes found
Score Distribution
Percent of People with Each Score
Percentile by Number Answered
Your Score History
You have not taken this quiz